I move your cheese : for those who refuse to live as mice in someone else's maze.
| Main Author: | |
|---|---|
| Format: | Book |
| Published: |
San Francisco:
Berrett-Koehler Publishers,
2011.
|
| Subjects: |
| LEADER | 00566cam a2200181 7i4500 | ||
|---|---|---|---|
| 001 | 0000028016 | ||
| 005 | 20130108090000.0 | ||
| 020 | 0 | 0 | |a 9781609940652 |
| 090 | 0 | 0 | |a B 650.1 |b MAL |
| 100 | 1 | 0 | |a Malhotra |
| 245 | 1 | 0 | |a I move your cheese : |b for those who refuse to live as mice in someone else's maze. |
| 260 | 0 | 0 | |a San Francisco: |b Berrett-Koehler Publishers, |c 2011. |
| 300 | # | # | |a 103 p. |
| 650 | 0 | 0 | |a Organizational change |
| 650 | 0 | 0 | |a Change (Psychology) |
| 650 | 0 | 0 | |a Compliance |
| 650 | 0 | 0 | |a Didactic literature |
| 999 | |a B000031357 |b Book |c Book |e Business Information Centre | ||


